| 000 | 00367cam a22001097a 4500 | ||
|---|---|---|---|
| 008 | 180718b1959 xxu||||| |||| 00| 0 eng d | ||
| 082 | _aA45:U61 CIICD | ||
| 245 |
_aAnnual report of the cottage industries and industrial co-operatives department _cby Government of Bombay |
||
| 260 |
_aNagpur _bGovernment Press _c1959 |
||
| 300 | _a195p. | ||
| 500 | _aLibrary has 1956-1957 | ||
| 999 |
_c503495 _d503495 |
||